LEADER 02118nam a2200373 u 4500 001 000000008856 003 CaOOAMICUS 005 20100924113743.0 008 950607s1962 fr u000 u fre u 035 $a10227083 040 $aEFR$bita$dReb 041 1 $afre$alat 082 04$a870 100 1 $aSallustius Crispus, Gaius,$d86-c. 34 a.C.$kOpere spurie e dubbie.$0(OLS)http://pul/name/8796 240 10$aEpistulae ad Caesarem Senem de republica$9(Sallustius Crispus, Gaius, 86-c. 34 a.C. Opere spurie e dubbie).$lFrancese e latino.$0(OLS)http://pul/title/12970 245 10$aLettres à César :$bInvectives /$cPseudo-Salluste ; texte établi traduit et commenté par A. Ernout. 260 $aParis :$bSociété d'édition les belles lettres,$c1962. 300 $a86 p. ;$c21 cm 490 1 $aCollection des universités de France 500 $aFrench and Latin on opposite pages, numbered in duplicate. 500 $aTranslations of: Epistulae ad Caesarem and M. Tullium Ciceronem Invectiva. 504 $aIncludes bibliographical references and index. 651 0$aRome$xPolitics and government.$2//eng$0(OLS)http://pul/subject/1604 651 0$aRome$xConstitutional history.$2//eng$0(OLS)http://pul/subject/910 700 1 $aErnout, A.$q(Alfred),$d1879-1973.$0(OLS)http://pul/name/8797 700 12$aSallustius Crispus, Gaius,$d86-c. 34 a.C.$kOpere spurie e dubbie$tInvectiva in Ciceronem$9(Sallustius Crispus, Gaius, 86-c. 34 a.C. Opere spurie e dubbie)$lFrancese e latino.$0(OLS)http://pul/name/8798 774 0 $aSallustius Crispus, Gaius.$tInvectiva in Circeronem$w()92901 830 0$aCollection des universités de France.$0(OLS)http://pul/title/1172 850 $aPUL 852 $aPUL$W1$xSL Cons. Gen., Altre Classi 3$y75$m870 COLL 2.SAL.2$j12506$nBK-PRI$qDDC 21$B12506$CPULBib$Z2$F12506 $H80829 $82 941 1 $a9 996 $6082$a870$9(OLS)http://pul/classification/727 996 $6245$aLettres à César :$bInvectives$9(OLS)http://pul/title/12971 996 $6260$aParis :$bSociété d'édition les belles lettres$9(OLS)http://pul/publisher/52263 LEADER 01161nam a2200277 u 4500 001 000000073002 003 CaOOAMICUS 005 20070226122313.0 008 020625s1980 it u000 u ita u 035 $a10934743 040 $aPUL(R)$bita 100 1 $aLuperini, Romano,$d1940-$0(OLS)http://pul/name/48321 245 10$aCritica Leninista del presente /$cR. Luperini, F. Leonetti ... [et al.]. 260 $aMilano :$bFeltrinelli Economica,$c1980. 300 $a210 p. ;$c20 cm 490 1 $aI nuovi testi ;$v224 500 $aContiene indice. 600 14$aLenin, Vladimir Il{softsign}i?,$d1870-1924.$0(OLS)http://pul/subject/17170 700 1 $aLeonetti, Francesco.$0(OLS)http://pul/name/48322 830 2$aI nuovi testi (Feltrinelli) ;$v224.$0(OLS)http://pul/title/61552 850 $aPUL 852 $aPUL$W1$xDP1 Cons. Gen., Altre Classi 1$y22$m842 A 66$j94387$nBK-PRI$b $qStampati$B94387$CPULBib$Z2$F94387 $H $81 941 1 $a8 961 $aINV: 61269 996 $6245$aCritica Leninista del presente$9(OLS)http://pul/title/96010 996 $6260$aMilano :$bFeltrinelli Economica$9(OLS)http://pul/publisher/74205